De l'Off Barcelona a l'acció comarcal : dos anys de teatre català : 1967-1968 / Xavier Fàbregas dos anys de teatre català :
Descripción Física:
165 p., [8] p. de làm. ; 22 cm
Colección:
Monografies de teatre ; 6
MARC
| LEADER | 00000nam a2200000Ia 4500 | ||
|---|---|---|---|
| 001 | 6867 | ||
| 008 | 160829s1976 xx 000 0 cat d | ||
| 080 | |a B-1-164 | ||
| 100 | 1 | |a Fàbregas, Xavier, |d 1931-1985 |9 50443 | |
| 245 | |a De l'Off Barcelona a l'acció comarcal : |b dos anys de teatre català : |b 1967-1968 / Xavier Fàbregas | ||
| 260 | |a Barcelona : |b Institut del Teatre : |b Edicions 62, |c 1976 | ||
| 300 | |a 165 p., [8] p. de làm. ; |c 22 cm | ||
| 490 | |a Monografies de teatre ; 6 | ||
| 650 | |a Teatre |x Catalunya |x Història |x 1967/1968 |9 21167 | ||
| 710 | 1 | |a Institut del Teatre (Barcelona, Catalunya) |9 52662 | |
| 901 | |a Arxiu | ||
| 942 | |n 1 | ||
| 952 | |0 0 |1 0 |4 0 |6 B1164 |7 1 |9 41812 |a Arxiu |b Arxiu |d 2016-12-01 |l 0 |o B-1-164 |p 6867 |r 2016-12-01 00:00:00 |w 2016-12-01 |y ARXIU | ||
| 999 | |c 43735 |d 43735 | ||